[Event "Women's Speed Chess Q8"]
[Site "chess.com INT"]
[Date "2021.06.06"]
[Round "4"]
[White "Yu, Jennifer"]
[Black "Pourkashiyan, Atousa"]
[Result "1-0"]
[WhiteTitle "FM"]
[BlackTitle "WGM"]
[WhiteElo "2316"]
[BlackElo "2322"]
[WhiteFideId "2078341"]
[BlackFideId "12502014"]
[EventDate "2021.06.06"]

1. c4 e6 2. Nc3 d5 3. e3 Nf6 4. Nf3 Be7 5. b3 O-O 6. Bb2 c5 7. cxd5 Nxd5 8. Rc1
Nc6 9. Be2 e5 10. O-O f6 11. Nxd5 e4 12. Nxe7+ Qxe7 13. Ne1 Rd8 14. d3 exd3 15.
Nxd3 Bf5 16. Qc2 Nb4 17. Qc4+ Be6 18. Qxc5 Qxc5 19. Nxc5 Bf7 20. Bc4 Nxa2 21.
Bxf7+ Kxf7 22. Ra1 Nb4 23. Nxb7 Rd3 24. Nc5 Rd5 25. Bd4 Nc2 26. Ra4 Kg6 27. Rc1
Nxd4 28. exd4 Rc8 29. h3 Rc7 30. Rcc4 Rd6 31. Ne4 Rxc4 32. Rxc4 Re6 33. d5 Rb6
34. d6 Rxb3 35. Rd4 Rb8 36. d7 Rd8 37. Nc5 Kf7 38. Nb7 Ke7 39. Nxd8 Kxd8 40. Kf1
a5 41. Ke2 a4 42. Rxa4 Kxd7 43. Ra7+ Ke6 44. Rxg7 Kf5 45. Rxh7 Kf4 46. Rg7 f5
47. h4 Ke5 48. h5 Kf6 49. h6 f4 50. Kf3 Kf5 51. h7 Kf6 52. h8=Q Kf5 53. Qf8+ Ke6
54. Re7+ 1-0

[Event "Women's Speed Chess Q8"]
[Site "chess.com INT"]
[Date "2021.06.06"]
[Round "4"]
[White "Belenkaya, Dina"]
[Black "Nikolova, Adriana"]
[Result "0-1"]
[WhiteTitle "WGM"]
[BlackTitle "WGM"]
[WhiteElo "2341"]
[BlackElo "2243"]
[WhiteFideId "24142654"]
[BlackFideId "2908689"]
[EventDate "2021.06.06"]

1. e4 c6 2. d3 d5 3. Nd2 dxe4 4. dxe4 Nf6 5. Ngf3 Bg4 6. Bc4 e6 7. h3 Bh5 8. O-O
Nbd7 9. Qe1 Bb4 10. c3 Be7 11. a4 O-O 12. b4 a5 13. e5 Nd5 14. Bxd5 cxd5 15. b5
Rc8 16. Bb2 Nb6 17. Nd4 Nc4 18. Nxc4 Rxc4 19. f4 Bc5 20. g4 Bg6 21. f5 exf5 22.
gxf5 Bh5 23. Qg3 Qb6 24. Rf2 Re8 25. Qg5 g6 26. Rg2 Rxc3 27. Qxh5 Bxd4+ 28. Kh1
Rc2 29. Bxd4 Qxd4 30. Qh6 Qxa1+ 31. Kh2 Qxe5+ 32. Kh1 Rxg2 33. Kxg2 Qe4+ 34. Kg1
Qxf5 35. Qe3 Rxe3 0-1

[Event "Women's Speed Chess Q8"]
[Site "chess.com INT"]
[Date "2021.06.06"]
[Round "4"]
[White "Papp, Petra"]
[Black "Kulkarni, Bhakti"]
[Result "1-0"]
[WhiteTitle "WGM"]
[BlackTitle "IM"]
[WhiteElo "2336"]
[BlackElo "2391"]
[WhiteFideId "739049"]
[BlackFideId "5019516"]
[EventDate "2021.06.06"]

1. e4 e5 2. Nf3 Nf6 3. Nxe5 Nxe4 4. Qe2 Qe7 5. Qxe4 d6 6. d4 dxe5 7. dxe5 Nc6 8.
Bf4 Bd7 9. Nc3 O-O-O 10. O-O-O f6 11. exf6 Qxf6 12. Nd5 Qf7 13. Bc4 Qf5 14. Qxf5
Bxf5 15. Nxc7 Nb4 16. Nb5 Bc5 17. Nd6+ Bxd6 18. Bxd6 Nxc2 19. Bb3 Na1 20. Ba4 a6
21. Rd4 b5 22. Bd1 Kb7 23. b3 Rc8+ 24. Kb2 Nc2 25. Rd2 Rhd8 26. Bxc2 Bxc2 27.
Rxc2 Rxc2+ 28. Kxc2 Rxd6 29. Re1 Rd7 30. f4 Kb6 31. Kc3 Kc5 32. Re5+ Kb6 33. g3
Rc7+ 34. Kd3 Rd7+ 35. Ke3 Rc7 36. Rd5 Rc2 37. Rd2 Rc3+ 38. Ke4 Rc5 39. f5 Rc7
40. g4 Re7+ 41. Kf4 Kc6 42. g5 Rf7 43. Ke5 Re7+ 44. Kf4 Rf7 45. h4 a5 46. h5 b4
47. g6 hxg6 48. hxg6 Rf6 49. Ke5 Kc5 50. Rd7 Rf8 51. Rc7+ Kb6 52. Rxg7 Re8+ 53.
Kf4 Re2 54. f6 Rxa2 55. Re7 Rf2+ 56. Kg5 a4 57. bxa4 b3 58. Re3 b2 59. Rb3+ Ka5
60. g7 Kxa4 61. Rb8 Ka3 62. Kg6 Ka2 63. Kf7 b1=Q 64. Rxb1 Kxb1 65. g8=Q 1-0

[Event "Women's Speed Chess Q8"]
[Site "chess.com INT"]
[Date "2021.06.06"]
[Round "4"]
[White "Ouellet, Maili-Jade"]
[Black "Morris-Suzuki, Sophie"]
[Result "1-0"]
[WhiteTitle "WGM"]
[BlackTitle "WFM"]
[WhiteElo "2257"]
[BlackElo "2043"]
[WhiteFideId "2620472"]
[BlackFideId "30922615"]
[EventDate "2021.06.06"]

1. d4 d5 2. c4 Nc6 3. Nc3 Nf6 4. cxd5 Nxd5 5. e4 Nxc3 6. bxc3 e5 7. d5 Nb8 8.
Be3 Bd6 9. Bd3 O-O 10. Ne2 Na6 11. Bxa6 bxa6 12. c4 Qe7 13. O-O f5 14. f3 f4 15.
Bf2 g5 16. Nc1 Bc5 17. Nd3 Bxf2+ 18. Rxf2 h5 19. c5 g4 20. Qb3 Qh4 21. fxg4 hxg4
22. Nxe5 Rf6 23. g3 Qg5 24. gxf4 Rxf4 25. d6+ Kg7 26. d7 Qxe5 27. d8=Q Qxa1+ 28.
Kg2 Rxf2+ 29. Kxf2 Qe5 30. Qbg8+ Kh6 31. Qdf8+ Kh5 32. Qh7+ Kg5 33. Qfg8+ 1-0

[Event "Women's Speed Chess Q8"]
[Site "chess.com INT"]
[Date "2021.06.06"]
[Round "4"]
[White "Szente Varga, Fruzsina"]
[Black "Batsiashvili, Nino"]
[Result "0-1"]
[WhiteTitle "WFM"]
[BlackTitle "GM"]
[WhiteElo "2100"]
[BlackElo "2491"]
[WhiteFideId "712264"]
[BlackFideId "13602993"]
[EventDate "2021.06.06"]

1. e4 c6 2. d4 d5 3. Nc3 dxe4 4. Nxe4 Nf6 5. Nxf6+ exf6 6. Be3 Bd6 7. Bd3 O-O 8.
Ne2 Re8 9. Qd2 Nd7 10. O-O Nf8 11. c3 Ng6 12. Nf4 Qc7 13. Nxg6 hxg6 14. f4 Bf5
15. Bxf5 gxf5 16. Qd3 Re4 17. g3 Rae8 18. Bf2 g6 19. b4 Kg7 20. Rfe1 R8e6 21. b5
Qe7 22. Rf1 Re2 23. bxc6 bxc6 24. Qc4 Qe8 25. Qa4 Re7 26. c4 Bc7 27. Rab1 Bb6
28. c5 Bc7 29. Rb7 Qd7 30. Rxa7 Qd5 31. Qb3 Qe4 32. Qb1 Qf3 33. Rb7 Qg4 34. Qc1
Rxa2 35. Rb3 Ree2 36. Rb7 Rac2 37. Qb1 Qf3 38. Rxc7 Rxf2 39. Rxf7+ Kh6 40. Rh7+
Kxh7 41. Qb7+ Kh6 0-1

[Event "Women's Speed Chess Q8"]
[Site "chess.com INT"]
[Date "2021.06.06"]
[Round "4"]
[White "Dong, Khanh Linh"]
[Black "Mohota, Nisha"]
[Result "0-1"]
[WhiteTitle "WCM"]
[BlackTitle "IM"]
[WhiteElo "1970"]
[BlackElo "2195"]
[WhiteFideId "12403040"]
[BlackFideId "5004330"]
[EventDate "2021.06.06"]

1. e4 e5 2. Nf3 Nc6 3. Bb5 a6 4. Ba4 Nf6 5. O-O Be7 6. c3 Nxe4 7. Re1 Nc5 8.
Nxe5 Nxe5 9. Rxe5 Nxa4 10. Qxa4 O-O 11. d4 Bd6 12. Rh5 Re8 13. Be3 g6 14. Rh3
Bf8 15. Rf3 d5 16. h3 Bf5 17. Nd2 Bd6 18. Qb3 b6 19. g4 Be6 20. Kg2 c6 21. Rh1
b5 22. Nf1 f5 23. g5 f4 24. Rxf4 Bxf4 25. Bxf4 Rf8 26. Be3 Bf5 27. Ng3 Qe7 28.
Re1 Be4+ 29. Kh2 Kg7 30. h4 Rf3 31. Qd1 Raf8 32. Rf1 Qe6 33. Qd2 Qg4 34. Rg1
Qxh4+ 35. Kg2 Rxf2# 0-1

[Event "Women's Speed Chess Q8"]
[Site "chess.com INT"]
[Date "2021.06.06"]
[Round "4"]
[White "Tsatsalashvili, Keti"]
[Black "Nandhidhaa, P V"]
[Result "0-1"]
[WhiteTitle "WGM"]
[BlackTitle "WGM"]
[WhiteElo "2331"]
[BlackElo "2365"]
[WhiteFideId "13603434"]
[BlackFideId "5050847"]
[EventDate "2021.06.06"]

1. Nf3 c5 2. g3 Nc6 3. Bg2 e5 4. e4 d6 5. O-O g6 6. d3 Bg7 7. Nc3 Nge7 8. Bg5 h6
9. Be3 O-O 10. Qd2 Kh7 11. Ne1 f5 12. f4 Be6 13. Nd5 Qd7 14. c3 Rae8 15. fxe5
Nxe5 16. Qe2 Bxd5 17. exd5 Ng4 18. h3 Nxe3 19. Qxe3 Nxd5 20. Qf3 Ne3 21. Rf2
Nxg2 22. Nxg2 d5 23. Nf4 Re5 24. c4 dxc4 25. dxc4 Rfe8 26. Rd1 Qf7 27. Nd5 Re4
28. b3 Bd4 29. Rxd4 Rxd4 30. Kg2 Kg7 31. Qc3 Qe6 32. Nf4 Qe4+ 33. Kh2 Qe3 34.
Qb2 Qe1 35. Re2 Rxe2+ 36. Nxe2 Qf2+ 37. Kh1 Kh7 0-1

[Event "Women's Speed Chess Q8"]
[Site "chess.com INT"]
[Date "2021.06.06"]
[Round "4"]
[White "Eswaran, Ashritha"]
[Black "Buksa, Nataliya"]
[Result "1-0"]
[WhiteTitle "WIM"]
[BlackTitle "IM"]
[WhiteElo "2244"]
[BlackElo "2413"]
[WhiteFideId "2080788"]
[BlackFideId "14123622"]
[EventDate "2021.06.06"]

1. e4 c5 2. Nf3 Nc6 3. d4 cxd4 4. Nxd4 Nf6 5. Nc3 e5 6. Ndb5 d6 7. Bg5 a6 8. Na3
b5 9. Nd5 Be7 10. Bxf6 Bxf6 11. c4 b4 12. Nc2 Bg5 13. Be2 O-O 14. O-O a5 15. b3
Be6 16. Bg4 Rb8 17. h3 Qd7 18. Nce3 g6 19. a3 bxa3 20. Rxa3 Kg7 21. g3 f5 22.
exf5 gxf5 23. f4 fxg4 24. fxg5 Qa7 25. Rxf8 Rxf8 26. b4 gxh3 27. Nf6 Qd4 28. Qh5
Bf5 29. b5 Ne7 30. g4 Bg6 31. Qh6+ Kf7 32. Qxh3 Rc8 33. Qf3 Kg7 34. Qb7 Kf7 35.
Nd5 Re8 36. Ra2 Be4 37. Rf2+ Kg7 38. Qd7 Bg6 39. Nxe7 Qxe3 40. Nf5+ Kh8 41. Nxe3 1-0

[Event "Women's Speed Chess Q8"]
[Site "chess.com INT"]
[Date "2021.06.06"]
[Round "4"]
[White "Ambartsumova, Karina"]
[Black "Gaponenko, Inna"]
[Result "0-1"]
[WhiteTitle "IM"]
[BlackTitle "IM"]
[WhiteElo "2382"]
[BlackElo "2357"]
[WhiteFideId "4166299"]
[BlackFideId "14101181"]
[EventDate "2021.06.06"]

1. Nf3 g6 2. d4 Bg7 3. g3 Nf6 4. Bg2 O-O 5. O-O d6 6. b3 e5 7. dxe5 dxe5 8. Ba3
Re8 9. Nc3 e4 10. Nd4 Na6 11. Ndb5 Bd7 12. Qe1 Qc8 13. Rd1 Bh3 14. Nd5 Nxd5 15.
Rxd5 Bxg2 16. Kxg2 Qe6 17. c4 c6 18. Rd6 Qe5 19. Nd4 Bf8 20. f4 exf3+ 21. Nxf3
Qxe2+ 22. Qxe2 Rxe2+ 23. Rf2 Rxf2+ 24. Kxf2 Bxd6 25. Bxd6 Rd8 26. c5 b6 27. Be7
Re8 28. Bf6 Nxc5 29. Kg2 Ne4 30. Bb2 c5 31. Ne5 f6 32. Nc6 a6 33. Kf3 Kf7 34. h3
b5 35. a4 c4 36. axb5 axb5 37. bxc4 bxc4 38. Na5 c3 39. Bc1 c2 40. Nb3 Nc3 41.
Nd4 Na2 0-1

[Event "Women's Speed Chess Q8"]
[Site "chess.com INT"]
[Date "2021.06.06"]
[Round "4"]
[White "Kanyamarala, Trisha"]
[Black "Perez Rodriguez, Jennifer"]
[Result "1/2-1/2"]
[WhiteTitle "WIM"]
[BlackTitle "WIM"]
[WhiteElo "2180"]
[BlackElo "2251"]
[WhiteFideId "45004722"]
[BlackFideId "3507831"]
[EventDate "2021.06.06"]

1. d4 d5 2. c4 c6 3. cxd5 cxd5 4. Bf4 Nf6 5. Nc3 Nc6 6. e3 e6 7. Nf3 Bb4 8. Bd3
O-O 9. O-O Bd7 10. Rc1 Rc8 11. Ne5 Re8 12. Bg5 Be7 13. f4 h6 14. Bh4 Rf8 15. Kh1
Ne8 16. Bg3 f5 17. Bf2 Nf6 18. h3 Ne4 19. Bxe4 fxe4 20. a3 Nxe5 21. fxe5 Bg5 22.
Qe2 Rc4 23. Bg3 Rxf1+ 24. Rxf1 Qe7 25. Nxe4 Rc8 26. Nd6 Rf8 27. Rxf8+ Kxf8 28.
Nxb7 Be8 29. Nd6 Bg6 30. Qf3+ Kg8 31. Qe2 Kh7 32. Qf2 h5 33. Bf4 Bh4 34. Qe2 Bg5
35. Qf2 Bh4 36. Qf1 Qf8 37. Kh2 Be7 38. g3 h4 39. Qf2 hxg3+ 40. Qxg3 a5 41. h4
Bh5 42. Qg2 g6 43. Bg5 Bxd6 44. exd6 Qxd6+ 45. Bf4 Qf8 46. Qg5 Qf5 47. Qe7+ Kg8
48. Qe8+ Kh7 49. Qe7+ Kg8 50. Qe8+ Kh7 51. Qe7+ 1/2-1/2

[Event "Women's Speed Chess Q8"]
[Site "chess.com INT"]
[Date "2021.06.06"]
[Round "4"]
[White "Antonova, Nadezhda"]
[Black "Pandey, Srishti"]
[Result "0-1"]
[WhiteTitle "WFM"]
[BlackTitle "WFM"]
[WhiteElo "1877"]
[BlackElo "2026"]
[WhiteFideId "14700182"]
[BlackFideId "35093290"]
[EventDate "2021.06.06"]

1. d4 Nf6 2. Nf3 c5 3. e3 e6 4. Nbd2 d5 5. Bd3 Nc6 6. b3 Bd6 7. Bb2 O-O 8. Ne5
Qc7 9. f4 Nb4 10. O-O Nxd3 11. cxd3 b6 12. Rc1 Ba6 13. Rf2 Qe7 14. dxc5 bxc5 15.
d4 Rfc8 16. Ndf3 Ne4 17. Rfc2 cxd4 18. Nc6 Qb7 19. Bxd4 h6 20. Nfe5 Rc7 21. Qg4
Nf6 22. Qd1 Ne4 23. Qg4 Nf6 24. Qd1 Bb5 25. Na5 Qb8 26. a4 Rxc2 27. Qxc2 Be8 28.
Nec6 Qc7 29. Bxf6 gxf6 30. b4 a6 31. b5 axb5 32. axb5 Qb6 33. Qc3 Qxb5 34. Qxf6
Rxa5 35. Nxa5 Qxa5 36. Qxh6 Qd2 37. Qg5+ Kf8 38. Qh6+ Ke7 39. Qh4+ Kd7 40. Re1
Bc5 41. Qg3 d4 42. exd4 Bxd4+ 43. Kh1 Bf2 44. Qb3 Qxe1# 0-1

[Event "Women's Speed Chess Q8"]
[Site "chess.com INT"]
[Date "2021.06.06"]
[Round "4"]
[White "Dauletova, Gulmira"]
[Black "Padmini, Rout"]
[Result "0-1"]
[WhiteTitle "WGM"]
[BlackTitle "IM"]
[WhiteElo "2257"]
[BlackElo "2370"]
[WhiteFideId "13702971"]
[BlackFideId "5029295"]
[EventDate "2021.06.06"]

1. e4 c5 2. Nf3 e6 3. d4 cxd4 4. Nxd4 Nc6 5. Nc3 Qc7 6. g3 a6 7. Bg2 Nf6 8. Nxc6
bxc6 9. O-O h5 10. h3 h4 11. g4 e5 12. Na4 d6 13. c4 Be7 14. b3 Nd7 15. Bb2 Nf8
16. f4 Ne6 17. fxe5 dxe5 18. Qf3 O-O 19. Rad1 Bg5 20. Qf2 Rb8 21. Ba3 Rd8 22.
Rxd8+ Bxd8 23. Rd1 Be7 24. c5 Nf4 25. Bf1 Be6 26. Kh2 a5 27. Bc1 g5 28. Be3 Rd8
29. Rxd8+ Qxd8 30. Qd2 f6 31. Qxd8+ Bxd8 32. Bd2 Bf7 33. Nb6 Bg6 34. Bxa5 Bxe4
35. Nc4 Bxa5 36. Nxa5 Bd5 37. a3 Ne6 38. b4 Nd4 39. Bc4 Kf7 40. Bxd5+ cxd5 41.
b5 Nxb5 42. a4 Nc7 43. Kg2 Ke6 44. Kf3 Kd7 45. Ke3 Ne6 46. Nb3 Kc6 47. a5 Nxc5
48. Nxc5 Kxc5 49. Kd3 Kb5 50. Kc3 Kxa5 51. Kd3 Kb5 52. Kc3 Kc5 53. Kd3 0-1

[Event "Women's Speed Chess Q8"]
[Site "chess.com INT"]
[Date "2021.06.06"]
[Round "4"]
[White "Klinova, Masha"]
[Black "Torres Hernandez, Leslie Carolin"]
[Result "1/2-1/2"]
[WhiteTitle "IM"]
[BlackTitle "WFM"]
[WhiteElo "2275"]
[BlackElo "1884"]
[WhiteFideId "2802015"]
[BlackFideId "8400504"]
[EventDate "2021.06.06"]

1. e4 e6 2. Nf3 d5 3. Nc3 Nf6 4. e5 Nfd7 5. d4 c5 6. dxc5 Bxc5 7. Bf4 Nc6 8. Bd3
Nb4 9. Be2 h6 10. a3 Nc6 11. b4 Be7 12. h4 a6 13. h5 Qc7 14. Qd2 Ncxe5 15. Nxe5
Nxe5 16. O-O Bd6 17. Rfe1 O-O 18. g3 Bd7 19. Rad1 Rac8 20. Ne4 Nf3+ 21. Bxf3
Bxf4 22. Qxf4 Qxf4 23. gxf4 dxe4 24. Bxe4 Bc6 25. Bxc6 Rxc6 26. Rd7 b5 27. Ra7
Rxc2 28. Rxa6 Rd8 29. Rb6 Ra2 30. Rxb5 Rxa3 31. f5 exf5 32. Rxf5 Rb3 33. Re7 f6
34. Rb7 Rd4 35. b5 Rg4+ 36. Kf1 Rg5 37. Rxg5 hxg5 38. b6 Kh7 39. Rb8 g6 40.
hxg6+ Kxg6 41. Ke2 Kf5 42. Kd2 Kf4 43. Kc2 Rb4 44. Kc3 Rb1 45. Kc4 Kf3 46. Kc5
Kxf2 47. Rf8 Rc1+ 48. Kd6 g4 49. Rxf6+ Ke2 50. Rg6 Kf3 51. b7 Rb1 52. Rf6+ Ke3
53. Re6+ Kf3 54. Rf6+ Ke3 55. Re6+ Kf3 56. Rf6+ 1/2-1/2

[Event "Women's Speed Chess Q8"]
[Site "chess.com INT"]
[Date "2021.06.06"]
[Round "4"]
[White "Komiagina, Maria"]
[Black "Fominykh, Maria"]
[Result "1-0"]
[WhiteTitle "WIM"]
[BlackTitle "WGM"]
[WhiteElo "2241"]
[BlackElo "2206"]
[WhiteFideId "4153987"]
[BlackFideId "4142411"]
[EventDate "2021.06.06"]

1. e4 e6 2. d4 d5 3. exd5 exd5 4. Nf3 Bd6 5. c4 c6 6. h3 Ne7 7. Nc3 O-O 8. Be2
dxc4 9. Bxc4 Nd7 10. O-O Nb6 11. Bd3 Bf5 12. Bg5 f6 13. Be3 Bxd3 14. Qxd3 Nbd5
15. a3 Kh8 16. Ne4 Nxe3 17. fxe3 Nd5 18. Nxd6 Qxd6 19. Nh4 Ne7 20. e4 Rad8 21.
Rad1 Rfe8 22. Qf3 Qe6 23. Rfe1 Qc4 24. Qf2 Rd7 25. Nf3 Ng6 26. Qg3 Qb3 27. Qg4
Rde7 28. Kh2 Qxb2 29. h4 Qxa3 30. h5 Nf8 31. h6 gxh6 32. Qf4 Re6 33. Qxh6 Qd6+
34. Kg1 f5 35. Qh5 Rxe4 36. Rxe4 Rxe4 37. Ng5 Qg6 38. Qxg6 hxg6 39. Nxe4 fxe4
40. Ra1 a6 41. Rb1 b5 42. Ra1 Ne6 43. Rxa6 Nxd4 44. Kf2 b4 45. Ke3 c5 46. Kxe4
b3 47. Kd3 Kg7 48. Rb6 Kf7 49. Kc4 Ne2 50. Kxc5 Nf4 51. g3 Nd3+ 52. Kd4 1-0

[Event "Women's Speed Chess Q8"]
[Site "chess.com INT"]
[Date "2021.06.06"]
[Round "4"]
[White "Sviridova, Vlada"]
[Black "Eswaran, Aksithi"]
[Result "0-1"]
[WhiteTitle "WFM"]
[BlackTitle "WCM"]
[WhiteElo "2144"]
[BlackElo "1745"]
[WhiteFideId "24109606"]
[BlackFideId "2083485"]
[EventDate "2021.06.06"]

1. d4 d5 2. c4 c6 3. Nf3 Nf6 4. Nc3 e6 5. e3 Nbd7 6. Qc2 Be7 7. Bd3 O-O 8. O-O
dxc4 9. Bxc4 b5 10. Bd3 a6 11. e4 h6 12. e5 Nd5 13. a3 Nxc3 14. Qxc3 c5 15. Be4
Rb8 16. Rd1 Qb6 17. d5 exd5 18. Bxd5 Bb7 19. Be3 Bxd5 20. Rxd5 Qb7 21. Rad1 Nb6
22. R5d3 Rbc8 23. Bf4 c4 24. R3d2 Na4 25. Qe3 Bc5 26. Nd4 Bxd4 27. Rxd4 c3 28.
bxc3 Rxc3 29. R1d3 Rfc8 30. h3 Rxd3 31. Qxd3 Qe7 32. Rd7 Qe6 33. Kh2 Nc5 34.
Rd8+ Rxd8 35. Qxd8+ Kh7 36. Qd4 Nd7 37. g4 Nb6 38. Kg3 Nd5 39. Bd2 Nb6 40. Bb4
Nc4 41. f4 a5 42. Bd6 Qd7 43. Qe4+ Kg8 44. Qd4 Qe6 45. Qc5 Nxd6 46. exd6 Qb3+
47. Kh4 Qe6 48. Qe5 Qxe5 49. fxe5 Kf8 50. g5 b4 51. axb4 axb4 52. g6 fxg6 53. e6
b3 54. d7 Ke7 55. Kg4 b2 56. h4 b1=Q 57. h5 Qb4+ 0-1

[Event "Women's Speed Chess Q8"]
[Site "chess.com INT"]
[Date "2021.06.06"]
[Round "4"]
[White "Kubicka, Anna"]
[Black "Antolak, Julia"]
[Result "0-1"]
[WhiteTitle "WIM"]
[BlackTitle "WIM"]
[WhiteElo "2210"]
[BlackElo "2309"]
[WhiteFideId "1152254"]
[BlackFideId "1159569"]
[EventDate "2021.06.06"]

1. e4 c5 2. Ne2 Nf6 3. g3 Nxe4 4. Bg2 Nf6 5. O-O Nc6 6. Re1 g6 7. d4 cxd4 8.
Nxd4 Bg7 9. Nxc6 bxc6 10. Qe2 e6 11. Bg5 O-O 12. Nd2 d5 13. Nf3 a5 14. Ne5 Qb6
15. h4 Ra7 16. c3 Ba6 17. Qf3 Ne4 18. Ng4 Qxb2 19. Be3 Rb7 20. h5 Qxc3 21. Rac1
Qb4 22. h6 Bh8 23. Qf4 f5 24. Ne5 Qd6 25. Bd4 c5 26. Ba1 d4 27. Nxg6 hxg6 28.
Qxd6 Nxd6 29. Bxb7 Bxb7 30. Rxe6 Ne4 31. Rxg6+ Kh7 32. Rb6 Bd5 33. f3 Nc3 34.
Re1 Rf6 35. Re7+ Kxh6 36. Rxf6+ Bxf6 37. Rc7 Na4 38. Rd7 Bxf3 39. Kf2 Be4 40.
Rd6 Kg5 41. Rd7 c4 42. Bxd4 Bxd4+ 43. Rxd4 Bd3 44. Ke3 Nc3 45. a3 Ne4 46. Rd8
Kg4 47. Rg8+ Kh3 48. Kf4 Nf2 49. Rh8+ Kg2 50. Ra8 c3 51. Rxa5 c2 52. Rc5 Ne4 0-1

[Event "Women's Speed Chess Q8"]
[Site "chess.com INT"]
[Date "2021.06.06"]
[Round "4"]
[White "Kotepalli, Sai Nirupama"]
[Black "Tokhirjonova, Gulrukhbegim"]
[Result "0-1"]
[WhiteTitle "WFM"]
[BlackTitle "WGM"]
[WhiteElo "1914"]
[BlackElo "2344"]
[WhiteFideId "5039444"]
[BlackFideId "14203626"]
[EventDate "2021.06.06"]

1. e4 e5 2. d3 Nc6 3. Nf3 Bc5 4. g3 d6 5. Bg2 Nge7 6. O-O h6 7. c3 a6 8. d4 Ba7
9. h3 O-O 10. Na3 exd4 11. Nxd4 Ng6 12. Nac2 Qf6 13. Be3 Nce5 14. b3 c5 15. Ne2
Nf3+ 16. Kh1 Re8 17. Nf4 Ng5 18. Nd5 Qd8 19. Bxg5 hxg5 20. f4 gxf4 21. Nxf4 Qg5
22. Nxg6 Qxg6 23. Qf3 d5 24. Rae1 dxe4 25. Rxe4 Rxe4 26. Qxe4 Qxe4 27. Bxe4 Bxh3
28. Bxb7 Rb8 29. Bg2 Be6 30. Rd1 a5 31. c4 a4 32. bxa4 Bxc4 33. Bd5 Bxd5+ 34.
Rxd5 Rb1+ 35. Kg2 Rb2 36. Rd2 c4 37. Kf3 Rxa2 38. Ke2 Kh7 39. Kd1 Rxa4 40. Rd7
f6 41. Rc7 Kg6 42. Kd2 Bf2 43. g4 Bg3 44. Rd7 Be5 45. Ne1 c3+ 46. Kd3 Rxg4 47.
Nf3 Kf5 48. Nxe5 fxe5 49. Kxc3 g5 50. Kd3 Ra4 51. Rf7+ Kg4 52. Ke3 Kg3 53. Rf5
g4 54. Rxe5 Ra3+ 55. Ke2 Kg2 56. Rd5 g3 57. Rg5 Ra8 58. Rg7 Re8+ 59. Kd2 Kf2 60.
Rf7+ Kg1 61. Rg7 g2 62. Kd1 Re4 63. Kd2 Kf2 64. Rf7+ Kg3 0-1

[Event "Women's Speed Chess Q8"]
[Site "chess.com INT"]
[Date "2021.06.06"]
[Round "4"]
[White "Arpita, Mukherjee"]
[Black "Vo, Thi Kim Phung"]
[Result "0-1"]
[WhiteTitle "WIM"]
[BlackTitle "WGM"]
[WhiteElo "2206"]
[BlackElo "2335"]
[WhiteFideId "5056403"]
[BlackFideId "12401838"]
[EventDate "2021.06.06"]

1. e4 e6 2. d4 d5 3. Nd2 Nf6 4. e5 Nfd7 5. Bd3 c5 6. c3 b6 7. Ngf3 Ba6 8. Bxa6
Nxa6 9. O-O Be7 10. Re1 O-O 11. Nf1 Nc7 12. Ng3 f5 13. exf6 Nxf6 14. Ne5 Qe8 15.
Bg5 Rd8 16. h3 Rc8 17. Rc1 Nd7 18. Bxe7 Qxe7 19. Qg4 Nxe5 20. Rxe5 Qf7 21. Rf1
Qf4 22. Qxf4 Rxf4 23. Nh5 Rf7 24. f4 g6 25. Ng3 c4 26. Ne2 b5 27. g4 Rcf8 28.
Kg2 a5 29. a3 Kg7 30. Kg3 b4 31. axb4 axb4 32. h4 Ra8 33. Ng1 Ra2 34. Rb1 b3 35.
Nf3 h6 36. h5 gxh5 37. Rxh5 Rf8 38. Ne5 Rfa8 39. Rh2 Ra1 40. Rxa1 Rxa1 41. g5
hxg5 42. fxg5 Rg1+ 43. Kf4 Nb5 44. g6 Nd6 45. Rh7+ Kg8 46. Rd7 Ne4 47. Rd8+ Kg7
48. Rd7+ Kf8 49. Rd8+ Ke7 50. Rh8 Nxc3 0-1

[Event "Women's Speed Chess Q8"]
[Site "chess.com INT"]
[Date "2021.06.06"]
[Round "4"]
[White "Agrest, Inna"]
[Black "Socko, Monika"]
[Result "1-0"]
[WhiteTitle "WIM"]
[BlackTitle "GM"]
[WhiteElo "2285"]
[BlackElo "2393"]
[WhiteFideId "1708830"]
[BlackFideId "1106619"]
[EventDate "2021.06.06"]

1. e4 e6 2. d4 d5 3. Nc3 Nf6 4. Bg5 Bb4 5. e5 h6 6. Bc1 Ne4 7. Qg4 g6 8. Ne2 b6
9. a3 Bxc3+ 10. bxc3 Ba6 11. f3 Bxe2 12. Bxe2 Nxc3 13. Bd3 Qd7 14. Bd2 Na4 15.
Rb1 a6 16. O-O b5 17. Bb4 Nc6 18. Bd2 O-O-O 19. c3 Qe7 20. f4 Na5 21. Rb4 Nc4
22. Bc1 c6 23. Qf3 Qd7 24. Bc2 Ncb6 25. Bd2 Kb7 26. Rc1 Ka7 27. Be1 Rdf8 28. Bf2
f6 29. c4 Nxc4 30. Bxa4 bxa4 31. Rcxc4 fxe5 32. dxe5+ Ka8 33. Rc1 Rb8 34. Rxa4
Qb7 35. Rb4 Qc7 36. Rcb1 a5 37. Rxb8+ Rxb8 38. Rxb8+ Kxb8 39. Qd3 Qb7 40. Qxg6
Qb3 41. h3 Kb7 42. Qxe6 Qd1+ 43. Kh2 Qe2 44. Qd7+ Kb8 45. Bb6 Qa6 46. Qc7+ Ka8
47. Qxc6+ Qb7 48. Qxb7+ Kxb7 49. Bxa5 Kc6 50. Bd2 d4 51. Kg3 Kd5 52. Kf3 Ke6 53.
Ke4 d3 54. Kxd3 h5 55. a4 Kd5 56. a5 Kc5 57. a6 Kb6 58. e6 Kxa6 59. e7 Kb5 60.
e8=Q+ Kc5 61. Be3+ Kd5 62. Qe5+ Kc6 63. Qxh5 Kd6 64. f5 Ke5 65. f6+ Kxf6 66.
Qg5+ Ke6 67. h4 Kf7 68. h5 Ke6 69. h6 Kd6 70. h7 Kc6 71. h8=Q Kb7 72. Qhf6 Kc7
73. Qgg7+ Kc8 74. Qff8# 1-0

[Event "Women's Speed Chess Q8"]
[Site "chess.com INT"]
[Date "2021.06.06"]
[Round "4"]
[White "Mkrtchian, Lilit"]
[Black "Atalik, Ekaterina"]
[Result "1-0"]
[WhiteTitle "IM"]
[BlackTitle "IM"]
[WhiteElo "2388"]
[BlackElo "2430"]
[WhiteFideId "13300601"]
[BlackFideId "4130189"]
[EventDate "2021.06.06"]

1. e4 e5 2. Nf3 Nc6 3. Bb5 a6 4. Ba4 Nf6 5. O-O Be7 6. Re1 b5 7. Bb3 d6 8. c3
O-O 9. h3 Nd7 10. d4 Bf6 11. Be3 Na5 12. Bc2 exd4 13. cxd4 Nc4 14. Bc1 c5 15. b3
Ncb6 16. Bb2 Bb7 17. e5 dxe5 18. dxe5 Be7 19. Qd3 g6 20. Nbd2 Nb8 21. Ne4 Qxd3
22. Bxd3 Rd8 23. Bf1 Nc6 24. Rac1 Nd7 25. Nd6 Bxd6 26. exd6 Rac8 27. Ng5 Nd4 28.
b4 Nf5 29. bxc5 Rxc5 30. Rxc5 Nxc5 31. Bf6 Rc8 32. Be7 h6 33. Nf3 Bxf3 34. gxf3
Nd4 35. Rc1 Rc6 36. Rxc5 Rxc5 37. d7 Nxf3+ 38. Kg2 Ne1+ 39. Kh1 Rd5 40. d8=Q+
Rxd8 41. Bxd8 Nc2 42. Bg2 Nb4 43. a3 Nd3 44. Bb7 Nxf2+ 45. Kg2 Nd3 46. Bxa6 Nf4+
47. Kg3 Ne6 48. Be7 Nd4 49. Bc5 Nb3 50. Bb4 Nd4 51. Kf4 h5 52. Ke4 Ne6 53. Bxb5
Ng5+ 54. Ke3 Nxh3 55. a4 g5 56. a5 g4 57. a6 g3 58. Bc6 Ng5 59. a7 h4 60. a8=Q+
Kh7 61. Bc3 h3 62. Qh8+ Kg6 63. Qg7+ Kf5 64. Qe5+ Kg4 65. Bd7+ 1-0